=LDR 00000nam 2200000 4500 =001 INLIS000000000047438 =005 20151119142822.0 =006 =007 =008 =020 ##$$a 028.5 =035 ##$$0010-111500000000042 =082 ##$$a 028.5 =090 ##$$a 028.5 mua j.3 =100 ##$$a dont be afraid =245 ##$$a jangan takut =260 ##$$a dar mizon =300 ##$$a hln.15 =850 ##$$a NPBMAT =990 ##$$a 0001/BPAP-NTB/2015